Problemi e prospettive di teologia fondamentale /

Đã lưu trong:
Chi tiết về thư mục
Tác giả chính: Latourelle, René (autor)
Tác giả khác: O'collins, Gerald (autor) (autor)
Định dạng: Sách
Ngôn ngữ:Tiếng Italy
Được phát hành: Brescia, Italia : Editrice Queriniana, 1980, c1980
Các nhãn: Thêm thẻ
Không có thẻ, Là người đầu tiên thẻ bản ghi này!

MARC

LEADER 00000nam^a2200000^a^4500
001 000449984
005 20250521000000.0
009 20260526145401.295
037 |a Acervo Xavier Clavigero 
041 |a ITA 
091 |a FCA. 03143 
100 |a Latourelle, René  |e (autor) 
245 1 0 |a Problemi e prospettive di teologia fondamentale / 
264 4 |a Brescia, Italia :  |b Editrice Queriniana,  |c 1980, c1980 
300 |a 443 p. 
336 |a texto  |b txt  |2 rdacontenido 
337 |a sin mediación  |b n  |2 rdamedio 
338 |a volumen  |b nc  |2 rdasoporte 
649 |a XX 
700 |a O'collins, Gerald  |e (autor) 
910 |a Fondo Xavier Cacho Vázquez S.J. 
920 |a Impresos - Libros 
930 |a Fondos Especiales 
905 |a 131 
901 |a 0500362235  |b IT2  |c ESP  |i D  |u 20250521 
902 |a https://opac.biblio.iteso.mx/vufind/Record/000449984